Синтез и некоторые свойства азометиновых производных тетразолов и тетразинов: диссертация на соискание ученой степени кандидата химических наук; спец. 02.00.03

Bibliographic Details
Main Author: Сысоев А. В. Александр Владимирович
Corporate Author: Алтайский государственный технический университет им. И. И. Ползунова (АлтГТУ) Бийский технологический институт (БТИ)
Other Authors: Мороженко Ю. В. (научный руководитель)
Summary:Заглавие с титульного экрана
Электронная версия печатной публикации
Language:Russian
Published: Бийск, 2016
Subjects:
Online Access:diss00126.pdf
Format: Electronic Book
KOHA link:https://koha.lib.tpu.ru/cgi-bin/koha/opac-detail.pl?biblionumber=320970

MARC

LEADER 00000nlm0a2200000 4500
001 320970
005 20231102003328.0
035 |a (RuTPU)RU\TPU\book\346501 
035 |a RU\TPU\book\101589 
090 |a 320970 
100 |a 20160802d2016 k y0rusy50 ca 
101 0 |a rus 
102 |a RU 
105 |a a m 001zy 
135 |a drcn ---uucaa 
181 0 |a i  
182 0 |a b 
200 1 |a Синтез и некоторые свойства азометиновых производных тетразолов и тетразинов  |b Электронный ресурс  |e диссертация на соискание ученой степени кандидата химических наук  |e спец. 02.00.03  |f А. В. Сысоев  |g Алтайский государственный технический университет им. И. И. Ползунова (АлтГТУ), Бийский технологический институт (БТИ) ; науч. рук. Ю. В. Мороженко 
203 |a Текст  |c электронный 
210 |a Бийск  |d 2016 
215 |a 1 файл (2318 Kb) 
230 |a Электронные текстовые данные (1 файл : 2318 Kb) 
300 |a Заглавие с титульного экрана 
300 |a Электронная версия печатной публикации 
606 1 |a Тетразольные соединения  |2 stltpush  |3 (RuTPU)RU\TPU\subj\75646  |9 87335 
606 1 |a Тетразиновые соединения  |2 stltpush  |3 (RuTPU)RU\TPU\subj\75647  |9 87336 
610 1 |a электронный ресурс 
610 1 |a труды учёных ТПУ 
610 1 |a диссертации 
610 1 |a синтез 
610 1 |a свойства 
610 1 |a азометиновые производные 
610 1 |a тетразолы 
610 1 |a тетразины 
610 1 |a карбонильные соединения 
675 |a 547.79(04)  |v 3 
675 |a 547.88(04)  |v 3 
686 |a 01.04.20  |2 oksvnk 
700 1 |a Сысоев  |b А. В.  |g Александр Владимирович 
702 1 |a Мороженко  |b Ю. В.  |4 727 
712 0 2 |a Алтайский государственный технический университет им. И. И. Ползунова (АлтГТУ)  |b Бийский технологический институт (БТИ)  |2 stltpush  |3 (RuTPU)RU\TPU\col\923 
801 1 |a RU  |b 63413507  |c 20060417  |g PSBO 
801 2 |a RU  |b 63413507  |c 20161012  |g RCR 
856 4 |u diss00126.pdf 
942 |c CF